000 00502nam a2200181Ia 4500
005 20250508163105.0
008 008 250505s9999 xx 000 0 eng d
037 _aTextual
040 _aFEDL
_beng
_cFEDL
041 _aeng
_2eng
084 _a375, BAR
_qFEDL
100 _aBarrow Robin
245 0 _aGiving teaching back to teachers : A critical intorduction to curriculum theory
260 _c1984
300 _axvi,301p.
942 _cTEXL
_h375, BAR
999 _c1380770
_d1380770